LDR 00839naa#a2200169#i#450# 001 RU\\bibl\118254 005 20260429074315.3 011 ## _a1729-9187 100 ## _a20260330b2026####ek#y0rusy0150####ca 102 ## _aRU 200 1# _aЮридический жаргон в речи сотрудников органов внутренних дел и его особенности _eЖурнальная статья 210 1# _aУфа _cУфимский юридический институт МВД России _d2026 215 ## _a5 с. 608 ## _aЖурнальная статья _2local 675 ## _aРусский язык. 811.161.1 _aОрганы охраны общественного порядка. Милиция. Полиция. 351.74 _z 700 #1 _aФайзуллина _gИльсюяр Ильгизовна 856 4# _avestnik-uyi.editorum.ru _u